Countries of the World Quiz in 30 Minutes - Statistics

General Stats
  • This quiz has been taken 13,750 times
  • The average score is 135 of 196
Answers on the Map
Answers color-coded by a green-red scale on the quiz's map according to % correct below.
 
Answer Stats
Country % Correct
Canada
93%
United States
93%
Mexico
91%
Brazil
89%
Russia
89%
United Kingdom
89%
France
88%
Australia
87%
China
87%
Argentina
86%
Germany
86%
India
86%
Italy
86%
Spain
86%
Chile
85%
Denmark
85%
Finland
85%
Iceland
85%
Ireland
85%
Japan
85%
North Korea
84%
Norway
84%
Poland
84%
Portugal
84%
South Korea
84%
Sweden
84%
Egypt
83%
Turkey
83%
Ukraine
83%
Greece
82%
Iran
82%
South Africa
82%
Austria
81%
Cuba
81%
Iraq
81%
Mongolia
81%
Peru
81%
Belgium
80%
Colombia
80%
New Zealand
80%
Pakistan
80%
Switzerland
80%
Indonesia
79%
Kazakhstan
79%
Madagascar
79%
Netherlands
79%
Saudi Arabia
79%
Afghanistan
78%
Morocco
78%
Niger
78%
Uruguay
78%
Bolivia
77%
Panama
77%
Romania
77%
Thailand
77%
Venezuela
77%
Vietnam
77%
Algeria
76%
Democratic Republic of the Congo
76%
Hungary
76%
Israel
76%
Yemen
76%
Albania
75%
Belarus
75%
Croatia
75%
Czech Republic
75%
Estonia
75%
Nepal
75%
Nigeria
75%
Oman
75%
Paraguay
75%
Philippines
75%
Slovakia
75%
Sudan
75%
United Arab Emirates
75%
Jamaica
74%
Dominican Republic
73%
Latvia
73%
Lithuania
73%
Sri Lanka
73%
Bulgaria
72%
Chad
72%
Jordan
72%
Libya
72%
Slovenia
72%
Bangladesh
71%
Cyprus
71%
Ecuador
71%
Haiti
71%
Laos
71%
Papua New Guinea
71%
Qatar
71%
Republic of the Congo
71%
Serbia
71%
Somalia
71%
Syria
71%
Taiwan
71%
Uzbekistan
71%
Bosnia and Herzegovina
70%
Cambodia
70%
Dominica
70%
Georgia
70%
Luxembourg
70%
Malaysia
70%
South Sudan
70%
Vatican City
70%
Bahamas
69%
Costa Rica
69%
Ethiopia
69%
Honduras
69%
Tunisia
69%
Turkmenistan
69%
Armenia
68%
Kenya
68%
North Macedonia
68%
Zimbabwe
68%
Andorra
67%
Mali
67%
Myanmar
67%
Angola
66%
Azerbaijan
66%
Bhutan
66%
El Salvador
66%
Guatemala
66%
Moldova
66%
Zambia
66%
Ghana
65%
Kosovo
65%
Lebanon
65%
Malta
65%
Belize
64%
Fiji
64%
Guinea
64%
Nicaragua
64%
Guyana
63%
Kyrgyzstan
63%
Monaco
63%
Montenegro
63%
Suriname
63%
Tajikistan
63%
Botswana
62%
Kuwait
62%
Central African Republic
61%
Liechtenstein
61%
Singapore
61%
Togo
61%
Namibia
60%
San Marino
60%
Tanzania
60%
Uganda
60%
Cameroon
59%
Maldives
59%
Senegal
59%
Ivory Coast
58%
Lesotho
58%
Mozambique
58%
Liberia
57%
Rwanda
57%
Bahrain
56%
Eritrea
56%
Barbados
55%
Benin
55%
Mauritania
55%
Djibouti
54%
Gambia
53%
Eswatini
52%
Gabon
52%
Malawi
52%
Seychelles
52%
Trinidad and Tobago
52%
Mauritius
51%
Saint Lucia
51%
Brunei
50%
Equatorial Guinea
50%
Burkina Faso
49%
East Timor
49%
Federated States of Micronesia
49%
Solomon Islands
49%
Antigua and Barbuda
48%
Burundi
48%
Cape Verde
48%
Tonga
48%
Guinea-Bissau
47%
Samoa
47%
Sierra Leone
47%
Marshall Islands
46%
Saint Kitts and Nevis
46%
Tuvalu
46%
Kiribati
45%
Palau
45%
Grenada
44%
Vanuatu
44%
Comoros
43%
Saint Vincent and the Grenadines
43%
Nauru
42%
São Tomé and Príncipe
40%
No matching quizzes found
Score Distribution
Percent of People with Each Score
Percentile by Number Answered
Your Score History
You have not taken this quiz